Microbiología / (Record no. 84851)

MARC details
000 -LEADER
campo de control de longitud fija 00722nam a2200205 i 4500
001 - NÚMERO DE CONTROL
campo de control 84851
003 - IDENTIFICADOR DE NÚMERO DE CONTROL
campo de control ES-MaACL
007 - CAMPO FIJO DE DESCRIPCIÓN FÍSICA--INFORMACIÓN GENERAL
campo de control de longitud fija t|
008 - DATOS DE LONGITUD FIJA--INFORMACIÓN GENERAL
campo de control de longitud fija 041124s1983 ag ||||1| spa d
100 1# - ENTRADA PRINCIPAL--NOMBRE DE PERSONA
Nombre de persona Zinsser, Hans.
9 (RLIN) 118292
245 10 - MENCIÓN DEL TÍTULO
Título Microbiología /
Mención de responsabilidad, etc. Hans Zinsser ; [editores] Wolfgangf K. Joklik , Hilda P. Willett, Bernard Amos ; [traducción por Nora Graciela Meeroff].
250 ## - MENCION DE EDICION
Mención de edición 17ª ed.
260 ## - PUBLICACIÓN, DISTRIBUCIÓN, ETC.
Lugar de publicación, distribución, etc. Buenos Aires :
Nombre del editor, distribuidor, etc. Editorial Médica Panamericana,
Fecha de publicación, distribución, etc. 1983.
300 ## - DESCRIPCIÓN FÍSICA
Extensión 1413 p., 2 lám. :
Otras características físicas il. ;
Dimensiones 26 cm.
700 1# - ENTRADA AGREGADA--NOMBRE PERSONAL
Nombre de persona Joklik, Wolfgang K.
9 (RLIN) 66790
700 1# - ENTRADA AGREGADA--NOMBRE PERSONAL
Nombre de persona Willett, Hilda P.
9 (RLIN) 116898
700 1# - ENTRADA AGREGADA--NOMBRE PERSONAL
Nombre de persona Amos, Bernard.
9 (RLIN) 21329
700 1# - ENTRADA AGREGADA--NOMBRE PERSONAL
Nombre de persona Meeroff, Nora Graciela.
9 (RLIN) 79796
852 ## - LOCALIZACIÓN
Ubicación ES-MaACL
Número de control de estantería L-6217
Sublocalización o colección R.107027
Holdings
Estatus retirado Estado de pérdida Estado de daño No para préstamo Biblioteca de origen Biblioteca actual Ubicación en estantería Fecha de adquisición Fuente de adquisición Total de préstamos Signatura topográfica completa Código de barras Visto por última vez Precio de reemplazo Tipo de ítem Koha
        Biblioteca del Ateneo de Madrid Biblioteca del Ateneo de Madrid Depósito 2 17/01/2008     L-6217 1088674 23/02/2023 23/02/2023 Libro impreso